[Event "Yingmei Cup CHN-chT 2017"]
[Site "?"]
[Date "2017.04.20"]
[Round "3"]
[White "Zhou, Jianchao"]
[Black "Fang, Yan"]
[Result "1-0"]
[WhiteElo "2613"]
[BlackElo "2447"]
[Annotator "TA"]
[PlyCount "91"]
[EventDate "2017.??.??"]
[SourceTitle "Shenzen"]

1. Nf3 d5 2. d4 Nf6 3. c4 c5 4. cxd5 cxd4 5. Qxd4 Qxd5 6. Nc3 Qxd4 7. Nxd4 a6
8. g3 e5 9. Nc2 {D06: Queen's Gambit: Symmetrical and Baltic Defences} (9. Nb3
Bd7 10. Bg2 Bc6 11. O-O Bxg2 12. Kxg2 Nc6 13. Bg5 Nd7 14. Nd5 Bd6 15. Nd2 Rc8
16. Nc4 Bc5 17. Be3 {1/2-1/2 (61) Tomashevsky,E (2758) -Durarbayli,V (2618)
Skopje 2015}) 9... Bd7 10. Bg2 Bc6 11. O-O Bxg2 12. Kxg2 {LiveBook: 9 Games}
Nc6 13. Bg5 Nd7 $146 (13... Be7 14. Bxf6 Bxf6 15. Nd5 O-O-O 16. Rfd1 Be7 {
0-1 (68) Melkumyan,H (2654) -Landa,K (2625) Minsk 2015}) 14. Rfd1 Rc8 15. Rac1
f6 16. Be3 Be7 17. Rd5 Ndb8 18. Rcd1 O-O 19. Bb6 Bd8 20. Na4 $36 {White has
some pressure.} Bxb6 21. Nxb6 Rcd8 22. e4 Kf7 (22... Rxd5 $11 23. exd5 Ne7) 23.
Ne3 $16 Nd4 24. Nec4 (24. f4 $16) 24... Rxd5 $1 $11 25. exd5 {aiming for Na5.}
Ke7 (25... Rd8 $11) 26. f4 $16 Nd7 27. fxe5 (27. d6+ $16 Ke6 28. Nxd7 Kxd7 29.
fxe5) 27... Nxb6 $11 28. Rxd4 fxe5 29. Nxe5 $16 {Endgame KRN-KRN} Kd6 30. Nd3 (
30. Nf3 $5 {feels hotter.} Nxd5 31. Re4 Rf6 32. Re8 h6 33. Nd2) 30... Rf5 31.
Nf4 Nxd5 32. Kf3 Re5 33. Nxd5 (33. b3 $5 {is interesting.} Kc5 34. Rc4+ Kd6 35.
Nxd5 Rxd5 36. Rc8) 33... Rxd5 34. Ke4 Rxd4+ 35. Kxd4 $11 {KP-KP} g6 36. g4 h6 (
36... g5 $1 $11 {remains equal.}) 37. h4 (37. b4 $1 $16) 37... b6 (37... a5 $11
) 38. b4 (38. h5 $16 gxh5 39. gxh5) 38... Ke6 (38... h5 $1 $11) 39. Ke4 $16 Kd6
40. h5 $1 gxh5 $2 (40... Ke6 $16) 41. gxh5 {K3P-K3P. White mates.} Ke6 {[#]}
42. a4 $1 Kf6 {[#]} 43. Kd5 $1 Kg5 44. Kc6 Kxh5 45. Kxb6 Kg4 46. a5 1-0

[Event "Yingmei Cup CHN-chT 2017"]
[Site "?"]
[Date "2017.04.20"]
[Round "3"]
[White "Yu, Ruiyuan"]
[Black "Gao, Rui"]
[Result "1/2-1/2"]
[WhiteElo "2526"]
[BlackElo "2543"]
[Annotator "TA"]
[PlyCount "70"]
[EventDate "2017.??.??"]
[SourceTitle "Shenzen"]

1. e4 e5 2. Nf3 Nc6 3. d4 exd4 4. Nxd4 Nf6 5. Nxc6 bxc6 6. e5 Qe7 7. Qe2 Nd5 8.
c4 Ba6 9. b3 g6 10. f4 {C45: Scotch Game} g5 (10... Bg7 11. Qf2 Nf6 12. Ba3 d6
13. Nc3 O-O 14. O-O-O Ne8 15. g3 Bb7 16. Bg2 f6 17. exd6 Nxd6 18. c5 Nf5 19.
Rhe1 Qf7 20. Bf1 Rfd8 21. Rxd8+ Rxd8 22. Bc4 Rd5 23. Qe2 {1-0 (23)
Nepomniachtchi,I (2740)-Tomashevsky,E (2731) Moscow 2016}) 11. fxg5 {LiveBook:
3 Games. The position is equal.} O-O-O 12. Nd2 Qxg5 {next ...Bb4 is good for
Black.} 13. Nf3 Qg4 14. Bd2 Nb4 $146 {[#] And now ...Nc2+ would win.} (14... f6
15. Qf2 Qe4+ 16. Qe2 Qg4 17. Qf2 Qe4+ 18. Qe2 Qg4 {1/2-1/2 (18) Hughes,S (2271)
-Deghose,M (2020) LSS email 2011}) 15. O-O-O Nxa2+ 16. Kb1 Nb4 17. Ng5 Qf5+ 18.
Qe4 Qxe4+ 19. Nxe4 c5 20. Be2 $132 {White is not keeping still (2)} Bb7 21. Bf3
Bxe4+ 22. Bxe4 Bg7 23. Bf4 Nc6 24. Bxc6 dxc6 25. Rde1 Rhe8 26. Rhf1 Rd7 27. Bg3
Rde7 28. Kc2 Bxe5 29. Bxe5 Rxe5 30. Rxe5 Rxe5 31. Rxf7 $11 {KR-KR} Re2+ 32. Kd3
Rxg2 33. Rxh7 Kb7 34. h4 Rg3+ 35. Kc2 Rg2+ 1/2-1/2

[Event "Yingmei Cup CHN-chT 2017"]
[Site "?"]
[Date "2017.04.20"]
[Round "3"]
[White "Tan, Zhongyi"]
[Black "Zhai, Mo"]
[Result "1-0"]
[WhiteElo "2508"]
[BlackElo "2303"]
[Annotator "TA"]
[PlyCount "85"]
[EventDate "2017.??.??"]
[SourceTitle "Shenzen"]

1. d4 d5 2. c4 dxc4 3. e3 Bf5 4. Nc3 {[%emt 0:00:03] D20: Queen's Gambit
Accepted: e3 and 3 e4} (4. Bxc4 e6 5. Nc3 Nf6 6. f3 c6 7. e4 Bg6 8. Nge2 Be7 9.
Be3 Nbd7 10. Bb3 a5 11. Nf4 Nh5 {1-0 (37) Schandorff,L (2534)-Dekan,H (2179)
Germany 2006}) 4... Nf6 5. Qf3 Qc8 6. Bxc4 {White is slightly better.} Nc6 $146
(6... h6 7. e4 Bg6 8. e5 Nh7 9. h4 Nc6 10. Bb5 e6 11. h5 Ng5 12. Bxg5 hxg5 13.
hxg6 Rxh1 14. Qxf7+ {1-0 (20) Khasdan,V (1964)-Toelg,W (1580) Oeffingen 2002})
7. e4 Bg4 8. Qd3 e5 9. Bb5 exd4 10. Bxc6+ bxc6 11. Qxd4 Be7 12. h3 Be6 13. Nge2
Qa6 14. Nf4 (14. O-O $11 {keeps the balance.}) 14... O-O (14... Bc4 $1 $17 {
Hoping for ... 0-0.} 15. Rb1 Rd8) 15. Nxe6 $11 fxe6 16. Be3 Rfd8 17. Qa4 $1 (
17. Qe5 Kh8 18. Qxe6 Bb4 $15) 17... Qxa4 18. Nxa4 Nxe4 19. Rc1 a5 20. Rxc6 Bd6
21. Ke2 Rab8 22. Rhc1 Rb5 23. b3 h6 24. Nb2 Ra8 25. R1c2 Kf7 26. Nc4 $1 {
Black must now prevent Kd3.} a4 {[#]} 27. bxa4 $1 ({Reject} 27. Nxd6+ $6 cxd6
28. R6c4 axb3 29. axb3 Nf6 $11) 27... Rxa4 {[#]} 28. Kd3 $1 ({But not} 28.
Nxd6+ $6 cxd6 29. R6c4 Rxc4 30. Rxc4 Rb2+ 31. Ke1 Rb1+ 32. Ke2 Rb2+ 33. Ke1
Rb1+ 34. Ke2 Rb2+ $11) 28... Ke7 29. Kxe4 {aiming for Kf3.} Kd7 30. Bd4 (30.
Rxd6+ $1 $16 cxd6 31. Kd3) 30... e5 $1 $14 31. Nxd6 cxd6 32. Rc7+ Ke6 33. Rxg7
{Threatens to win with Rg6+.} Rxd4+ {Endgame KRR-KRR} 34. Ke3 Kf6 35. Rh7 Kg6
36. Rhc7 (36. Rd7 $5 {feels hotter.} Ra5 37. g3 Kf5 38. Kf3 Ra6 39. Kg2) 36...
Rbb4 37. f3 Ra4 38. R7c3 Kf5 39. Rd3 Rxd3+ 40. Kxd3 Kf4 $2 (40... d5 $11) 41.
Rc4+ {White mates.} Rxc4 42. Kxc4 e4 43. Kd4 (43. fxe4 Kxe4 44. a4 d5+ 45. Kb4
d4 $11) 1-0

[Event "Yingmei Cup CHN-chT 2017"]
[Site "?"]
[Date "2017.04.20"]
[Round "3"]
[White "Xu, Xiangyu"]
[Black "Fang, Yuxiang"]
[Result "1/2-1/2"]
[WhiteElo "2503"]
[BlackElo "2498"]
[Annotator "TA"]
[PlyCount "83"]
[EventDate "2017.??.??"]
[SourceTitle "Shenzen"]

1. d4 d5 2. c4 c6 3. Nf3 Nf6 4. Nc3 e6 5. Bg5 Nbd7 6. cxd5 exd5 7. e3 Qa5 8.
Nd2 Ne4 9. Ndxe4 dxe4 10. Bh4 {D52: Queen's Gambit Declined: Cambridge Springs
Variation} Bb4 (10... Nb6 11. Be2 Nd5 12. O-O Nxc3 13. bxc3 Bd6 14. c4 c5 15.
Qc2 f5 16. dxc5 Qxc5 17. Bh5+ g6 {1/2-1/2 (33) Vasilev,M (2473)-Heberla,B 
(2545) Plovdiv 2013}) 11. Qc2 O-O 12. Be2 {LiveBook: 5 Games. White is
slightly better.} c5 {[#]} (12... f5 $14) 13. O-O $1 $16 cxd4 14. exd4 Nb6 $146
(14... g5 15. Bg3 f5 16. Nd5 Qxd5 17. Bc4 Nb6 18. Bxd5+ Nxd5 {1-0 (46)
Lilienthal,A-Pikler,R Budapest 1932}) 15. Qxe4 ({Better is} 15. Nxe4 $16 {
Threatens to win with a3.} Re8 16. a3) 15... g5 $1 $11 16. Nb5 $1 gxh4 ({
Don't go for} 16... f5 $2 17. Qe5 gxh4 18. a3 $18) 17. a3 Bd2 18. Bd3 (18. Qxh4
$16 Bd7 19. Bd3) 18... f5 {The position is equal.} 19. Qxh4 {[#] Strongly
threatening b4.} Bd7 20. Qg3+ Kh8 21. b4 Qa4 22. Qe5+ Kg8 23. Qg3+ Kh8 24. Qe5+
Kg8 25. Qg3+ Kh8 26. Qe5+ Kg8 27. Qg3+ Kh8 28. Qe5+ Kg8 29. Qg3+ Kh8 30. Qe5+
Kg8 31. Qg3+ Kh8 32. Qe5+ Kg8 33. Qg3+ Kh8 34. Qe5+ Kg8 35. Qg3+ Kh8 36. Qe5+
Kg8 37. Qg3+ Kh8 38. Qe5+ Kg8 39. Qg3+ Kh8 40. Qe5+ Kg8 {White must now
prevent ...Rae8.} 41. Qg3+ Kh8 {And now ...Bh6 would win.} 42. Qe5+ 1/2-1/2

[Event "Yingmei Cup CHN-chT 2017"]
[Site "?"]
[Date "2017.04.20"]
[Round "3"]
[White "Zhao, Xue"]
[Black "Ju, Wenjun"]
[Result "0-1"]
[WhiteElo "2499"]
[BlackElo "2596"]
[Annotator "TA"]
[PlyCount "88"]
[EventDate "2017.??.??"]
[SourceTitle "Shenzen"]

1. d4 Nf6 2. c4 e6 3. Nf3 d5 4. Nc3 Bb4 5. Bg5 h6 6. Bxf6 Qxf6 7. Qb3 c5 8.
cxd5 exd5 9. a3 Bxc3+ 10. Qxc3 b6 {LiveBook: 16 Games. D38: Queen's Gambit
Declined: Ragozin Defence (4 Nf3 Bb4)} 11. g3 $146 (11. dxc5 Qxc3+ 12. bxc3
bxc5 13. O-O-O Be6 14. e3 Ke7 15. c4 dxc4 16. Ne5 c3 17. Bb5 a6 18. Ba4 {
1-0 (49) Grischuk,A (2754)-Carlsen,M (2857) chess.com INT 2016}) 11... Nc6 12.
Rd1 Be6 {The position is equal.} 13. Bg2 O-O 14. O-O Rac8 15. b4 cxb4 16. axb4
Qe7 17. b5 Na5 18. Qd3 Nc4 {And now ...Nb2 would win.} 19. Ra1 Qd7 20. Ne5 Nxe5
21. dxe5 Rc5 22. Rfd1 $1 Rfc8 23. e3 R8c7 ({Reject} 23... Rxb5 $6 24. Rxa7 $1
Qxa7 25. Qxb5 $11) 24. Bf1 Bg4 25. Rd2 Bf3 {Hoping for ...Rc3.} 26. h3 $2 {[#]}
(26. Rda2 $17 {is more resistant.}) 26... Rc3 $1 $19 ({Inferior is} 26... Rc1
27. Rxc1 Rxc1 28. Kh2 $11) 27. Qb1 {[#]} Be4 $2 (27... Qc8 $1 $19 {has better
winning chances.} 28. Rd1 Bxd1 29. Qxd1 Rc1 30. Rxc1 Rxc1 31. Qxd5 Qxh3) 28.
Qd1 Qf5 29. Bg2 Qxe5 30. Rda2 Qe7 31. Ra4 $2 (31. Rd2 $17) 31... Bc2 32. Qxd5
Bxa4 33. Rxa4 R3c5 34. Qb3 Qd7 35. Rb4 $2 (35. Bc6 Qxh3 36. Qd1) 35... Qf5 36.
Rf4 (36. Bc6 {was the only defense.}) 36... Rxb5 37. Qa4 Qd7 38. Kh2 {
intending Rd4.} Rbc5 39. Qe4 a5 {Black is clearly winning.} 40. Qa8+ Qc8 41.
Qf3 Rc4 42. Rf5 a4 43. Rd5 Rd7 44. Rb5 a3 0-1

[Event "Yingmei Cup CHN-chT 2017"]
[Site "?"]
[Date "2017.04.20"]
[Round "3"]
[White "Wan, Yunguo"]
[Black "Zeng, Chongsheng"]
[Result "0-1"]
[WhiteElo "2492"]
[BlackElo "2536"]
[Annotator "TA"]
[PlyCount "112"]
[EventDate "2017.??.??"]
[SourceTitle "Shenzen"]

1. e4 d5 2. exd5 Qxd5 3. Nc3 Qd6 4. d4 Nf6 5. Nf3 a6 6. g3 Bg4 7. Bg2 {B01:
Scandinavian Defence} Nc6 (7... c6 8. O-O e6 9. h3 Bxf3 10. Bxf3 Be7 11. b3 O-O
12. Bb2 Nbd7 13. Ne2 Rad8 14. Re1 Rfe8 {0-1 (64) Hou,Y (2663)-Megaranto,S 
(2535) Almaty 2016}) 8. O-O O-O-O 9. Bf4 Qb4 10. a3 Qc4 {LiveBook: 3 Games} 11.
h3 Rxd4 $1 12. Qe1 Bxf3 13. Bxf3 Rxf4 $146 (13... Rd7 14. Bg2 e6 {0-1 (33)
Spasov,V (2540)-Panbukchian, V (2390) Bulgaria 1994}) 14. gxf4 Nd4 15. Qe3 e6
16. Rad1 Nxf3+ 17. Qxf3 g6 18. Qe3 Bd6 19. Qd4 (19. Rd4 $14 Qc6 20. Ne4 Nxe4
21. Qxe4) 19... Qxd4 $11 20. Rxd4 Nh5 21. Ne2 e5 22. fxe5 Bxe5 23. Rb4 Rd8 24.
Rc1 f5 25. Kf1 Nf6 26. f4 Bd6 27. Rd4 Re8 28. Rcd1 Bc5 29. R4d3 a5 30. Ng3 Bd6
31. Rf3 Ne4 32. Kg2 Nxg3 33. Kxg3 {Endgame KRR-KRB} Re4 34. Rd2 Kd7 35. Kf2 b5
36. Rd1 a4 37. Rd2 Kc6 38. Re2 Rd4 39. Ke3 Bc5 40. Kf2 $2 {[#]} (40. Re1 $1 $11
) 40... Rb4+ $1 $19 41. Kg3 (41. Ke1 $142 Rxb2 42. Rc3) 41... Rxb2 42. Kh4 {[#]
} Ra2 $1 43. Re6+ (43. Kg5 {might work better.}) 43... Bd6 (43... Kd5 $142 44.
Re5+ Kc4) 44. Rc3+ $2 (44. Kg5 {only move.}) 44... Kd7 45. Ree3 Bxf4 46. Red3+
(46. Rf3 {was necessary.} Bc1 47. Rfd3+ Kc8 48. Rd5) 46... Ke7 47. Rc5 Rb2 48.
Rc6 Rb1 {( -> ...Rg1)} 49. Rf3 Bd6 50. Kg5 b4 51. Ra6 b3 52. cxb3 axb3 53. Kh6
Kf7 54. Ra7 b2 55. Rb7 Be5 (55... Rg1 $142 56. Rc3 b1=Q 57. Rbxc7+ Bxc7 58.
Rxc7+ Ke6 59. Rc6+ Ke5 60. Rc5+ Kd6 61. Rc8 f4 62. Ra8 Qf5 63. h4 f3 64. Kg7
Qe5+ 65. Kxh7 Qe7+ 66. Kg8 f2 67. Ra6+ Kd5 68. Ra5+ Ke4 69. Ra4+ Kd3 70. Rb4
f1=Q 71. Rb3+ Kc2 72. Rf3 Qxf3 73. Kh8 Qff8#) 56. Rfb3 Rh1 0-1

[Event "Yingmei Cup CHN-chT 2017"]
[Site "?"]
[Date "2017.04.20"]
[Round "3"]
[White "Lin, Chen"]
[Black "Bai, Jinshi"]
[Result "1/2-1/2"]
[WhiteElo "2475"]
[BlackElo "2585"]
[Annotator "TA"]
[PlyCount "38"]
[EventDate "2017.??.??"]
[SourceTitle "Shenzen"]

1. e4 c5 2. Nf3 Nc6 3. Bb5 g6 4. Bxc6 bxc6 5. O-O Bg7 6. e5 Nh6 {B31: Sicilian:
2...Nc6 3 Bb5 g6} 7. Re1 (7. b3 O-O 8. Bb2 f6 9. exf6 Bxf6 10. Bxf6 Rxf6 11. d4
cxd4 12. Qxd4 Ba6 13. Re1 Nf5 14. Qc3 {1-0 (23) Popov,I (2622)-Demchenko,A 
(2611) Quezon City 2014}) 7... O-O 8. Nc3 d6 9. d3 {LiveBook: 4 Games} Bg4 10.
exd6 $146 (10. h3 Bxf3 11. Qxf3 Nf5 12. exd6 Qxd6 13. Bf4 e5 14. Ne4 Qd5 {
1/2-1/2 (34) Sokolov,A (2521)-Valles, M (2326) Switzerland 2016}) 10... exd6
11. h3 Bxf3 $1 12. Qxf3 Nf5 13. Qxc6 Qa5 {White must now prevent ...Nd4.} 14.
Be3 Rab8 {Black has compensation.} 15. Nd5 Rfc8 (15... Rxb2 $17 16. a4 Rxc2)
16. Qd7 $15 Rd8 17. Qc6 $1 Rdc8 18. Qd7 Rd8 19. Qc6 $1 Rdc8 1/2-1/2

[Event "Yingmei Cup CHN-chT 2017"]
[Site "?"]
[Date "2017.04.20"]
[Round "3"]
[White "Lei, Tingjie"]
[Black "Yang, Yijing"]
[Result "1-0"]
[WhiteElo "2471"]
[BlackElo "1910"]
[Annotator "TA"]
[PlyCount "75"]
[EventDate "2017.??.??"]
[SourceTitle "Shenzen"]

1. c4 f5 2. g3 Nf6 3. Bg2 g6 4. d4 Bg7 5. Nf3 O-O 6. O-O d6 7. Nc3 c6 8. Rb1
Qe8 9. d5 Na6 10. Nd4 Bd7 11. e4 fxe4 12. Nxe4 Nxe4 13. Bxe4 {LiveBook: 13
Games} Nc5 {[%emt 0:00:05] A87: Dutch Defence: Leningrad System: Nf3} (13...
Nc7 14. Be3 c5 15. Nc2 a5 16. Qd2 b5 17. b3 Qf7 18. Bh6 Bxh6 19. Qxh6 a4 20.
Qe3 b4 21. Rfe1 {1/2-1/2 (53) Almeida Quintana,O (2548)-Narciso Dublan,M (2544)
Arinsal 2011}) 14. Bg2 e5 15. dxe6 Nxe6 {White is slightly better.} 16. Nf3
$146 (16. Be3 Qf7 17. b3 Rad8 18. Qd2 Nc5 19. Bh6 Bxh6 20. Qxh6 Rde8 21. Qd2 {
1-0 (38) Obukhov,A (2445)-Galdunts,S (2420) Kurgan 1994}) 16... Qe7 17. Re1
Rad8 18. Bg5 Bf6 19. Bh6 Rfe8 20. b4 a6 21. Be3 Bc3 {[#]} 22. Bg5 $1 Qf8 $1 (
22... Nxg5 23. Rxe7) 23. Bxd8 {And now Re3 would win.} Bxe1 24. Bb6 ({Much
worse is} 24. Qxe1 Nd4 25. Qf1 (25. Qd1 Ne2+ 26. Kf1 Nc3 $19) 25... Nxf3+ 26.
Bxf3 Qxf3 $17) 24... Bc3 25. Qb3 Bf6 26. Rd1 Bd8 27. Be3 $36 {White fights for
an advantage.} Bc7 28. Nd2 Ng7 29. Ne4 Bf5 30. Ng5 Ne6 31. b5 Nxg5 32. Bxg5 (
32. bxc6 Nh3+ 33. Kf1 (33. Bxh3 $2 Bxh3 34. cxb7 Qf7 $19) 33... bxc6 34. Bxc6
Re5 35. Bd5+ Rxd5 $1 36. Rxd5 Bc8 $11) 32... axb5 33. cxb5+ d5 34. bxc6 bxc6 {
[#]} 35. Qb7 $1 Bg4 $2 ({Don't take} 35... Qd6 $2 36. Bf4 Re5 37. Bxe5 Qxe5 38.
Qxc6 $18) (35... Bd8) 36. Qxc6 $18 Bxd1 37. Bxd5+ Kg7 38. Qxc7+ 1-0

[Event "Yingmei Cup CHN-chT 2017"]
[Site "?"]
[Date "2017.04.20"]
[Round "3"]
[White "Zatonskih, Anna"]
[Black "Guo, Qi"]
[Result "1/2-1/2"]
[WhiteElo "2453"]
[BlackElo "2413"]
[Annotator "TA"]
[PlyCount "62"]
[EventDate "2017.??.??"]
[SourceTitle "Shenzen"]

1. d4 Nf6 2. c4 e6 3. Nf3 d5 4. Nc3 Bb4 5. cxd5 exd5 6. Qa4+ Nc6 7. Bg5 h6 8.
Bxf6 Qxf6 9. e3 O-O 10. Be2 Be6 11. a3 {D38: Queen's Gambit Declined: Ragozin
Defence (4 Nf3 Bb4)} (11. O-O a6 12. Rac1 Bd6 13. Qb3 Ne7 14. a3 Rfe8 15. Na4
b6 16. Nc3 Reb8 17. Rcd1 c5 18. Qc2 c4 19. e4 Qg6 20. Nh4 {0-1 (45) Dreev,A 
(2651)-So,W (2808) chess.com INT 2017}) 11... Bd6 12. Nb5 Bg4 13. Rc1 a6 14.
Nxd6 Qxd6 {LiveBook: 5 Games} 15. O-O Ne7 16. Qc2 $146 (16. h3 Bxf3 17. Bxf3 c6
18. Qa5 Rfe8 {0-1 (48) Javakhishvili,L (2367) -Lomineishvili,M (2370) Tbilisi
2002}) 16... Bxf3 17. Bxf3 c6 18. Rfe1 Rfd8 19. Be2 Qf6 20. Qb3 Rab8 21. Bd3
Nf5 22. Bxf5 Qxf5 23. Rc3 Rd6 24. Rec1 Rf6 (24... h5 $5 {creates asymmetry.}
25. h3 Rf6 26. Qc2 Qg5 27. Qe2 Re8) 25. Qc2 Qxc2 (25... Qg4 $5 {seems wilder.}
26. Qb3 Rg6 27. g3 Qd7 28. Qd1 Qf5) 26. R1xc2 $11 {Endgame KRR-KRR} Kf8 27. Kf1
Ke7 {The position is equal.} 28. Ke2 Kd7 29. Kd3 Rg6 30. f3 f5 31. Re2 Re6
1/2-1/2

[Event "Yingmei Cup CHN-chT 2017"]
[Site "?"]
[Date "2017.04.20"]
[Round "3"]
[White "Huang, Qian"]
[Black "Ning, Kaiyu"]
[Result "1-0"]
[WhiteElo "2450"]
[BlackElo "2131"]
[Annotator "TA"]
[PlyCount "137"]
[EventDate "2017.??.??"]
[SourceTitle "Shenzen"]

1. Nf3 d5 2. g3 Nf6 3. Bg2 c6 4. O-O Bf5 5. d3 h6 6. c4 e6 7. cxd5 cxd5 8. Qb3
Qb6 9. Qxb6 axb6 10. Nc3 Nc6 11. Bd2 {A11: English Opening: 1...c6} (11. Nb5
$14 Kd7 12. Bd2) (11. Nb5 Kd7 12. Be3 Bc5 13. d4 Be7 14. Ne5+ Nxe5 15. dxe5 Ne4
16. Rfc1 Rhc8 17. Rxc8 Rxc8 18. Bxb6 Rc2 19. Bd4 Rxe2 {1-0 (38) Ding,L (2764)
-Lu,S (2616) Shenzhen 2016}) 11... Rc8 $146 (11... Bc5 12. Nb5 O-O 13. a3 e5
14. b4 Be7 15. Bc3 d4 16. Bb2 Rac8 17. Nd2 Bd7 18. Nc4 Nxb4 19. Nxd4 Nxd3 20.
exd3 exd4 21. Nxb6 {1-0 (36) Berescu,A (2494)-Pantev,V (2379) Plovdiv 2012})
12. Nb5 e5 13. Rfc1 {White is slightly better.} Be7 14. d4 e4 15. Ne5 O-O 16.
Nxc6 Rxc6 17. Nc3 Rfc8 18. a3 Be6 19. f3 exf3 20. Bxf3 Rd8 21. Rf1 Bg4 22. Rae1
Bh3 23. Rf2 Ne4 {[#]} (23... Rcc8 $11 {keeps the balance.}) 24. Nxd5 $1 $16
Rxd5 ({Black should play} 24... Re6 25. Bxe4 Rxe4) 25. Bxe4 Rxd4 26. Bxc6 Rxd2
27. Bg2 ({Much worse is} 27. Bxb7 $6 Bc5 $11) 27... Bxg2 28. Kxg2 Rxb2 {
Endgame KRR-KRB} 29. Rf3 Bc5 30. Kf1 f6 31. Rd1 Kh7 32. a4 Kg6 33. Rf4 {
Threatens to win with Rg4+.} b5 (33... h5 $16) 34. axb5 (34. Rg4+ $1 $18 {
is more deadly.} Kf7 35. Rd7+ Ke6 36. Rxb7 (36. Rdxg7 Rb1+ 37. Kg2 Re1 38. Rxb7
Rxe2+ 39. Kf1 Rf2+ 40. Ke1 Rxh2 41. Rxb5 Bd6 $18)) 34... Rxb5 (34... h5 $16 {
was worth a try.} 35. Rd5 Rxb5) 35. Rg4+ $18 Kh7 {[#]} 36. Rd7 $1 Bf8 37. Kg2
b6 38. Re4 Ba3 39. Rb7 Rb2 40. Kf3 Bc5 41. Rc4 (41. Rg4 $18 {has better
winning chances.} Rb3+ 42. Kg2) 41... Rb3+ $16 42. Kg2 {Strongly threatening
Rxc5!} Re3 43. Kf1 Re5 (43... h5 $142) 44. Rg4 Bf8 (44... Re7 $16 {was
necessary.} 45. Rxe7 Bxe7) 45. Rxb6 $18 Rf5+ 46. Rf4 Rh5 47. Kg2 Re5 48. Rb2
Ba3 49. Ra2 Bc1 50. Rc4 Be3 51. Rb2 Rf5 52. Re4 Rf2+ 53. Kh3 Bc1 54. Rb3 f5 55.
Re6 Bg5 56. Rf3 Rxf3 57. exf3 {KR-KB} Bf6 58. Kg2 Kg6 59. Kf2 Kf7 60. Ra6 Bd4+
61. Kf1 g6 62. h3 Be5 63. Kf2 Bd4+ 64. Ke2 Be5 $2 (64... h5 65. g4 Kg7 66. gxh5
gxh5) 65. f4 Bd4 66. g4 h5 67. gxh5 gxh5 68. Rh6 (68. Rd6 $142 Bb2 69. Rb6)
68... Bf6 $2 {[#]} (68... h4 $18 69. Rd6 (69. Rxh4 Kg6 $11) 69... Bb2) 69. h4 (
69. Rxf6+ $142 $1 Kxf6 70. Kd3 Ke7 71. Kd4 Ke6 72. Kc5 h4 73. Kc6 Ke7 74. Kd5)
1-0

[Event "Yingmei Cup CHN-chT 2017"]
[Site "?"]
[Date "2017.04.20"]
[Round "3"]
[White "Liu, Guanchu"]
[Black "Ma, Zhonghan"]
[Result "1-0"]
[WhiteElo "2437"]
[BlackElo "2465"]
[Annotator "TA"]
[PlyCount "105"]
[EventDate "2017.??.??"]
[SourceTitle "Shenzen"]

1. e4 e5 2. Nf3 Nc6 3. c3 Nf6 4. d4 Nxe4 5. d5 Ne7 6. Nxe5 Ng6 7. Qf3 {C44:
Ponziani Opening and Scotch Gambit} (7. Nxg6 hxg6 8. Bd3 Nf6 9. O-O Bc5 10.
Re1+ Kf8 11. b4 Bb6 12. d6 cxd6 13. Qf3 d5 14. h3 d6 15. Nd2 Be6 {1-0 (139)
Nakamura,H (2779)-Anand,V (2779) Saint Louis 2016}) 7... Nf6 8. Nxg6 hxg6 {
LiveBook: 13 Games} 9. Bd3 {The position is equal.} Bd6 $146 (9... Rh5 10. c4
Bb4+ 11. Nc3 d6 12. Bf4 Bxc3+ 13. bxc3 Bg4 14. Qe3+ Qe7 15. O-O Qxe3 16. Bxe3 {
0-1 (39) Paci,C (2389)-Clery, N (2396) Mulhouse 2011}) 10. Nd2 Qe7+ (10... Rxh2
$6 11. Rxh2 Qe7+ 12. Kf1 Bxh2 13. g3 $16) 11. Kd1 $1 Be5 12. h3 ({White should
play} 12. d6 $1 $14 Bxd6 13. Nc4 (13. Re1 Be5 $16)) 12... d6 $1 $11 {With the
idea ...Bg4!} 13. Re1 O-O 14. Nc4 b5 {[#]} (14... b6 $11 {remains equal.}) 15.
Na5 $1 $36 {White is on the roll.} (15. Nxe5 $6 dxe5 16. Bf4 (16. Bxb5 Rd8 17.
Ke2 e4 $11) 16... Bb7 17. Bxe5 (17. Rxe5 Qd7 18. Qe2 Nxd5 $15) 17... Bxd5 $15)
15... Bd7 16. Bg5 {Hoping for Qg3!} b4 (16... Rae8 $14) 17. cxb4 Qd8 18. Re2
Qb8 19. a3 Ba4+ 20. Ke1 Nh7 21. Bf4 (21. Be3 $18) 21... Bxf4 22. Qxf4 Nf6 23.
Qc4 {And now b5 would win.} Re8 $2 (23... Bd7 $16 24. Kf1 Qb6) 24. b5 $18 Rxe2+
25. Bxe2 a6 26. Qxa4 axb5 27. Qb4 (27. Qxb5 Qxb5 28. Bxb5 Rxa5 $16) (27. Bxb5
Qb6 28. Nc4 Rxa4 29. Nxb6 Re4+ 30. Kf1 cxb6 $16) 27... Nxd5 28. Qd2 (28. Qxb5
Qxb5 29. Bxb5 Rxa5 $14) 28... Ne7 29. Nb3 c5 30. Rd1 Ra6 31. Qf4 Qb6 32. Kf1
Kf8 33. Kg1 ({Don't take} 33. Qh4 Ra4 34. Bg4 b4 $18) 33... Qc6 34. Bf3 Qc7 35.
Nc1 Nf5 36. Ne2 Ra4 37. Qd2 b4 38. Qc2 Qa7 (38... Qd7 $142 39. axb4 Rxb4 40.
Qxc5 dxc5 41. Rxd7 Rxb2) 39. Bc6 Ra6 40. Qe4 Ne7 41. Bb5 {White is clearly
winning.} ({Not} 41. Rxd6 Qb8 $18) (41. axb4 Rxc6 42. b5 Rb6 $14) 41... Rb6 42.
a4 ({Weaker is} 42. axb4 Rxb5 43. Rxd6 Rb8 $16) 42... g5 43. Ng3 g6 44. Qe3 f6
45. Re1 Qc7 {[#]} 46. h4 $1 d5 (46... gxh4 47. Qh6+) 47. hxg5 f5 48. Rc1 c4 49.
Qd4 Re6 50. b3 f4 51. Nf1 Re4 52. Qf6+ Kg8 53. bxc4 1-0